Finančné nástroje - bilancovanie a interpretácia dosiahnutých výsledkov

Snaha o harmonizáciu podnikového výkazníctva. Implementácia medzinárodných účtovných štandardov. Finančné nástroje v rámci medzinárodných účtovných štandardov - IAS 32 - Finančné nástroje: zverejnenie a prezentácia, IAS 39 - Finančné nástroje: vykazovanie a oceňovanie. Pojem finančné nástroje a ich...

Descripción completa

Guardado en:
Detalles Bibliográficos
Autor principal: Markovič, Peter, 1974-
Formato: Capítulo de libro
Lenguaje:eslovaco
inglés
Materias:
Etiquetas: Agregar Etiqueta
Sin Etiquetas, Sea el primero en etiquetar este registro!

MARC

LEADER 00000naa a2200000 4500
001 r049514
005 20240502071344.4
041 0 |a slo 
041 0 |a eng 
044 |a SK 
245 1 0 |a Finančné nástroje - bilancovanie a interpretácia dosiahnutých výsledkov  |c Peter Markovič 
520 |a Snaha o harmonizáciu podnikového výkazníctva. Implementácia medzinárodných účtovných štandardov. Finančné nástroje v rámci medzinárodných účtovných štandardov - IAS 32 - Finančné nástroje: zverejnenie a prezentácia, IAS 39 - Finančné nástroje: vykazovanie a oceňovanie. Pojem finančné nástroje a ich vnútorné členenie. Pokračovanie v budúcom čísle. 
610 2 0 |a nástroje finančné 
610 2 0 |a legislatíva 
610 2 0 |a Európska únia 
610 2 0 |a štandardy 
610 2 0 |a účtovníctvo medzinárodné 
610 2 0 |a výkazy účtovné 
610 2 0 |a závierka účtovná 
610 2 0 |a IAS 
100 1 |a Markovič, Peter, 1974-